000
00274cam a22000977a 4500
008
180718b1951 xxu||||| |||| 00| 0 eng d
082
_a
L2602x5411 As72r
245
_a
The Assam motor vehicles taxation rules, 1936
260
_a
Shillong
_b
Government Press
_c
1951
300
_a
27p.
999
_c
429395
_d
429395